000 00484 a2200169 4500
999 _c41808
_d41808
003 OSt
005 20221114113545.0
008 221114b ||||| |||| 00| 0 eng d
020 _a9780070681132
040 _coclc
082 _a620
_bRAT/T
100 1 _99300
_aRathore, M. M.
_q(Mahesh M.)
245 _aThermal engineering /
_cMahesh M Rathore.
260 _aNew Delhi:
_bMc grawhill,
_c2019.
300 _a1134 p
942 _2ddc
_cBK
_h620
_iRAT/T
_k620
_mRAT/T